000 00871cam a2200277 a 4500
001 173058
003 ARRUPE
005 20140611124355.0
008 850730s1983 enk 000 1 eng
010 _a 85120488 //r922
020 _a0140064117 (pbk.) :
_c£1.95 ($5.95 U.S.)
035 _a(OCoLC)ocm10314696
035 _a(CStRLIN)NYCG83-B48408
035 _a(NNC)173058
040 _aDLC
_cDLC
050 0 0 _aPR8676
_b.N49 1983
082 0 0 _a823/.01/0889163
_219
245 0 4 _aThe New Penguin book of Scottish short stories /
_cedited by Ian Murray.
260 _aHarmondsworth, Middlesex, England ;
_aNew York, N.Y., U.S.A. :
_bPenguin,
_c1983.
300 _axi, 317 p. ;
_c19 cm.
650 0 _aShort stories, Scottish.
_910821
651 0 _aScotland
_vFiction.
_910822
700 1 _aMurray, Ian,
_d1935-
_910823
942 _2lcc
_cMONOGRAPH
999 _c120703
_d120703